00436nam a22001577a 450000500170000001000150001702000260003203500130005803700130007108200060008410000250009024500620011526000280017727000510020530000220025620130911162442.0 aENG-108279 c499.00a9789383074297 aEN-91812 bDBAD/PUB aS aPadmanabhan, Manjula aThree virgins and other stories /cby Manjula Padmanabhan aNew DelhibZubaanc2013 a128b Shahpur Jat Ist Floor,bNew Delhie110049 ax,250p.c23cm(Hb)